| 000 | 00540nam a22001577a 4500 | ||
|---|---|---|---|
| 999 |
_c534785 _d534785 |
||
| 020 | _qHard Cover. | ||
| 082 | _a621.3678 | ||
| 100 | _aKazmi, Syed Saqib Ali | ||
| 245 |
_aCrop Phenological Phase based Wheat yield estimation using MODIS NDVI product / _cSyed Saqib Ali Kazmi. |
||
| 260 |
_aIslamabad: _bSCEE - NUST, _c2014. |
||
| 300 |
_a68 p. : _bill. ; _c30cm. |
||
| 942 |
_2ddc _cTHE |
||
| 650 |
_aRemote Sensing and GIS MS-Ph-DThesis. _929145 |
||
| 700 |
_aDr. Ejaz Hussain _919330 |
||